[Event "12 Indiv. Ch. Greece-Men U18"]
[Site "?"]
[Date "2009.01.03"]
[Round "3.10"]
[White "Rigopoulos-Tsigkos, Alexandros"]
[Black "Liodakis, Konstantinos"]
[Result "0-1"]
[WhiteElo "2020"]
[BlackElo "1888"]
[PlyCount "128"]
[EventDate "2009.01.02"]

1. e4 e6 2. d4 d5 3. Nd2 Nf6 4. e5 Nfd7 5. Bd3 c5 6. c3 Nc6 7. Ne2 cxd4 8. cxd4
Be7 9. O-O O-O 10. Nf3 Nb6 11. Re1 Bd7 12. Ng3 Rc8 13. a3 Na5 14. b3 Rc3 15.
Rb1 Nxb3 16. Bb2 Rxd3 17. Qxd3 Na5 18. Bc3 Nac4 19. Bb4 a6 20. Nd2 Bb5 21. Nxc4
Nxc4 22. Qc3 Bxb4 23. axb4 Qh4 24. Nf1 Rc8 25. Rbc1 Rc6 26. Qa1 Qe7 27. Rb1 h6
28. Red1 Nb6 29. Ne3 Na4 30. Rb3 Qc7 31. h3 Nc3 32. Re1 Ne2+ 33. Kh1 Qb6 34.
Rd1 Qd8 35. Re1 Qh4 36. Rb2 Qxd4 37. Qa2 Nc3 38. Qa5 b6 39. Qa3 Qxe5 40. Rd2
Ne4 41. Ra2 f6 42. Rc1 Rxc1+ 43. Qxc1 Qc3 44. Rc2 Qxb4 45. Ng4 Bc4 46. Nxh6+
gxh6 47. Qxh6 Qb1+ 48. Rc1 Nxf2+ 49. Kg1 Qf5 50. Qe3 Nxh3+ 51. gxh3 Qg5+ 52.
Qxg5+ fxg5 53. Kf2 Kf7 54. Ke3 e5 55. Rg1 Kf6 56. Rg2 b5 57. Rf2+ Kg6 58. Rf8
b4 59. Rg8+ Kf6 60. Rf8+ Ke6 61. Rg8 b3 62. Rxg5 b2 63. Rg6+ Kf5 64. Rb6 Bb5
0-1

[Event "12 Indiv. Ch. Greece-Men U18"]
[Site "?"]
[Date "2009.01.04"]
[Round "4.1"]
[White "Pavlidis, Antonios"]
[Black "Kourousis, Epaminondas"]
[Result "1-0"]
[WhiteElo "2278"]
[BlackElo "2228"]
[PlyCount "59"]
[EventDate "2009.01.02"]

1. e4 c6 2. d4 d5 3. f3 e6 4. Nc3 b6 5. Bf4 Ba6 6. Nge2 Bd6 7. Bxd6 Qxd6 8. Qd2
Ne7 9. O-O-O Nd7 10. h4 O-O-O 11. e5 Qc7 12. Qg5 Nf5 13. Ng3 Bxf1 14. Nxf5 exf5
15. Rdxf1 g6 16. h5 Nf8 17. Qf6 Rg8 18. hxg6 hxg6 19. Ne2 Ne6 20. Rh7 Rgf8 21.
g4 Kb7 22. gxf5 gxf5 23. Qxf5 c5 24. dxc5 bxc5 25. Nf4 Nd4 26. Qf6 Rde8 27. c3
Ne6 28. Ng6 Qa5 29. Nxf8 Qxa2 30. Qxf7+ 1-0

[Event "12 Indiv. Ch. Greece-Men U18"]
[Site "?"]
[Date "2009.01.04"]
[Round "4.2"]
[White "Galopoulos, N."]
[Black "Filippas, Sebastian"]
[Result "1-0"]
[WhiteElo "2217"]
[BlackElo "2190"]
[PlyCount "55"]
[EventDate "2009.01.02"]

1. d4 Nf6 2. Nf3 e6 3. c4 c5 4. d5 d6 5. Nc3 exd5 6. cxd5 g6 7. Bf4 a6 8. e4 b5
9. Qe2 Be7 10. e5 dxe5 11. Bxe5 Nbd7 12. Bd6 Kf8 13. Bf4 Kg7 14. d6 Bf8 15.
O-O-O Bb7 16. Ne5 b4 17. Na4 Qe8 18. Qe3 Be4 19. Nxd7 Nxd7 20. Re1 Nf6 21. Nb6
Qc6 22. Nxa8 Bxd6 23. Bh6+ Kg8 24. f3 Qxa8 25. fxe4 Ng4 26. Qd2 Qb8 27. Rd1 Bc7
28. Kb1 1-0

[Event "12 Indiv. Ch. Greece-Men U18"]
[Site "?"]
[Date "2009.01.04"]
[Round "4.3"]
[White "Kaforos, Dimitrios-Alkis"]
[Black "Hristodoulou, Panagiotis"]
[Result "1/2-1/2"]
[WhiteElo "2182"]
[BlackElo "2110"]
[PlyCount "158"]
[EventDate "2009.01.02"]

1. e4 e6 2. d4 d5 3. Nd2 a6 4. Bd3 c5 5. dxc5 Nf6 6. Qe2 Bxc5 7. Ngf3 Nc6 8.
exd5 Qxd5 9. Ne4 Be7 10. O-O O-O 11. Rd1 Qh5 12. Ng3 Qa5 13. Bd2 Qc7 14. Bc3 g6
15. Qe3 Re8 16. Qh6 e5 17. Ng5 Bf8 18. Qh4 h6 19. N5e4 Nxe4 20. Nxe4 Bg7 21.
Nf6+ Bxf6 22. Qxf6 Qe7 23. Qxe7 Rxe7 24. Be4 Be6 25. Rd6 Rd7 26. Rxc6 Rad8 27.
Kf1 bxc6 28. Bxc6 Rd1+ 29. Rxd1 Rxd1+ 30. Ke2 Ra1 31. a4 f6 32. b3 Ra2 33. Kd3
Bf5+ 34. Kc4 Rxc2 35. b4 Be6+ 36. Kd3 Bf5+ 37. Kc4 Kf8 38. Bb7 Be6+ 39. Kd3
Bf5+ 40. Kc4 Be6+ 41. Kd3 Rxf2 42. Bxa6 Ke7 43. Bb7 Rf4 44. a5 Bc4+ 45. Ke3 Rf1
46. a6 Bxa6 47. Bxa6 Rb1 48. Bd3 Rb3 49. Kd2 f5 50. Bc4 Rb1 51. Kc2 Rg1 52.
Bxe5 Rxg2+ 53. Kd3 Kd7 54. b5 Rg1 55. Bd5 Rb1 56. Kc4 g5 57. Bc6+ Kc8 58. Kc5
Rc1+ 59. Kd5 Rb1 60. Bd4 Kc7 61. b6+ Rxb6 62. Bxb6+ Kxb6 63. Bd7 f4 64. Bg4 Kc7
65. Ke6 Kc6 66. Kf5 Kd6 67. Kg6 Ke7 68. Kg7 Ke8 69. h3 Ke7 70. Bh5 Ke6 71. Kxh6
Kf6 72. Bf3 Kf7 73. Kh7 Kf6 74. Bg2 Kf5 75. Bf3 Kf6 76. Bb7 Kf7 77. Bd5+ Kf6
78. Kg8 Kg6 79. Bf3 Kh6 1/2-1/2

[Event "12 Indiv. Ch. Greece-Men U18"]
[Site "?"]
[Date "2009.01.04"]
[Round "4.4"]
[White "Malikentzos, Sotirios"]
[Black "Pambalos, Panayiotis"]
[Result "1/2-1/2"]
[WhiteElo "2154"]
[BlackElo "2123"]
[PlyCount "32"]
[EventDate "2009.01.02"]

1. d4 d5 2. Nf3 e6 3. c4 c6 4. Qc2 f5 5. g3 Nd7 6. Bg2 Bd6 7. O-O Ne7 8. b3 O-O
9. e3 b6 10. a4 Nf6 11. Ba3 Ba6 12. Rd1 Rc8 13. Bxd6 Qxd6 14. a5 b5 15. c5 Qc7
16. Ne5 Nd7 1/2-1/2

[Event "12 Indiv. Ch. Greece-Men U18"]
[Site "?"]
[Date "2009.01.04"]
[Round "4.5"]
[White "Liodakis, Konstantinos"]
[Black "Homatidis, Panagiotis"]
[Result "0-1"]
[WhiteElo "1888"]
[BlackElo "2133"]
[PlyCount "40"]
[EventDate "2009.01.02"]

1. d4 Nf6 2. c4 e6 3. Nc3 Bb4 4. f3 c5 5. d5 Nh5 6. g3 d6 7. e4 exd5 8. cxd5 f5
9. Bg2 O-O 10. Be3 fxe4 11. fxe4 Nf6 12. Nge2 Ng4 13. Qd2 Nd7 14. Bf4 Nde5 15.
O-O c4 16. Bxe5 dxe5 17. Bf3 Qb6+ 18. Kg2 Ne3+ 19. Kh1 Nxf1 20. Rxf1 Bh3 0-1

[Event "12 Indiv. Ch. Greece-Men U18"]
[Site "?"]
[Date "2009.01.04"]
[Round "4.6"]
[White "Kirgeridis, Panagiotis"]
[Black "Karaoulanis, Dimitrios"]
[Result "1/2-1/2"]
[WhiteElo "2061"]
[BlackElo "1886"]
[PlyCount "80"]
[EventDate "2009.01.02"]

1. d4 Nf6 2. c4 e6 3. Nc3 Bb4 4. g3 O-O 5. Bg2 c5 6. d5 exd5 7. cxd5 d6 8. Qc2
Nbd7 9. Bd2 Re8 10. Rd1 Ne5 11. h3 Nc4 12. a3 Ba5 13. Nf3 Nxd2 14. Nxd2 Bxc3
15. bxc3 b5 16. e3 Qa5 17. O-O Bb7 18. e4 Ba6 19. Rfe1 Nd7 20. Ra1 Nb6 21. Bf1
c4 22. Bg2 Na4 23. Re3 Rab8 24. Nf3 Nc5 25. Nd4 Bb7 26. Bf1 g6 27. Bg2 Re7 28.
Re2 Na4 29. Rc1 Nc5 30. Ra1 Na4 31. Re3 Nc5 32. Ree1 Rbe8 33. Re2 Na4 34. Rc1
Nc5 35. Rb1 a6 36. Ra1 Na4 37. Rc1 Nc5 38. Ra1 Na4 39. Rc1 Nc5 40. Ra1 Na4
1/2-1/2

[Event "12 Indiv. Ch. Greece-Men U18"]
[Site "?"]
[Date "2009.01.04"]
[Round "4.7"]
[White "Balokas, Dimitrios-Konstanti"]
[Black "Athanasiou, Georgios"]
[Result "1/2-1/2"]
[WhiteElo "1882"]
[BlackElo "1915"]
[PlyCount "52"]
[EventDate "2009.01.02"]

1. d4 Nf6 2. c4 g6 3. Nc3 Bg7 4. e4 d6 5. Nf3 O-O 6. Be2 e5 7. Be3 Nc6 8. O-O
exd4 9. Nxd4 Re8 10. f3 a5 11. Rc1 Nd7 12. Nd5 Nc5 13. Nb5 Ne6 14. f4 Nb4 15.
f5 Nxd5 16. fxe6 Nxe3 17. exf7+ Kf8 18. fxe8=Q+ Kxe8 19. Qa4 Bd7 20. Rf3 Qg5
21. Rg3 Ng4 22. Rf1 Qc5+ 23. Kh1 Nf2+ 24. Rxf2 Qxf2 25. Qd1 Bxb5 26. cxb5 Qd4
1/2-1/2

[Event "12 Indiv. Ch. Greece-Men U18"]
[Site "?"]
[Date "2009.01.04"]
[Round "4.8"]
[White "Asimakopoulos, Konstantinos"]
[Black "Kafetzopoulos, Anastasios"]
[Result "1-0"]
[WhiteElo "1870"]
[BlackElo "1912"]
[PlyCount "43"]
[EventDate "2009.01.02"]

1. e4 c6 2. d4 d5 3. f3 dxe4 4. fxe4 e5 5. Nf3 Bg4 6. Bc4 Nd7 7. O-O Ngf6 8. c3
Bd6 9. Qd3 O-O 10. Bg5 Qc7 11. Nbd2 Bh5 12. Kh1 Bg6 13. Nh4 Rae8 14. Nxg6 hxg6
15. Rf3 b5 16. Bb3 c5 17. dxc5 Nxc5 18. Qxb5 Ncxe4 19. Nxe4 Nxe4 20. Bxf7+ Qxf7
21. Rxf7 Kxf7 22. Qd5+ 1-0

[Event "12 Indiv. Ch. Greece-Men U18"]
[Site "?"]
[Date "2009.01.04"]
[Round "4.9"]
[White "Apostolou, Elias"]
[Black "Liaskos, Leonidas"]
[Result "0-1"]
[WhiteElo "1812"]
[BlackElo "1997"]
[PlyCount "142"]
[EventDate "2009.01.02"]

1. e4 e6 2. d4 d5 3. Nd2 Nc6 4. Ngf3 Nf6 5. e5 Nd7 6. Bd3 f6 7. exf6 Qxf6 8.
Nb3 Bd6 9. Bg5 Qf7 10. Qe2 O-O 11. Bh4 Bf4 12. Ng5 Bxg5 13. Bxg5 e5 14. dxe5
Ndxe5 15. O-O Nxd3 16. Qxd3 Bf5 17. Qd2 Ne5 18. Nd4 Bd7 19. Qc3 c6 20. Rae1
Rae8 21. f3 Qg6 22. Bh4 Nc4 23. b3 Nd6 24. Re7 Rxe7 25. Bxe7 Re8 26. Re1 Bh3
27. g3 Ne4 28. fxe4 Rxe7 29. e5 Qe8 30. Qe3 c5 31. Nf3 b6 32. Qd3 Qf7 33. Ng5
Bf5 34. Qf3 Qg6 35. Qxd5+ Kf8 36. Qd8+ Re8 37. Qd2 h6 38. Nf3 Bxc2 39. Nh4 Qd3
40. Qxd3 Bxd3 41. Kf2 Ke7 42. Ke3 Bh7 43. Nf3 Ke6 44. Rd1 Ke7 45. g4 Rd8 46.
Re1 Ke6 47. h4 Rd3+ 48. Kf4 Bg6 49. Re2 Be8 50. h5 Bc6 51. Nd2 Rd4+ 52. Kg3 Bb5
53. Rf2 Rd3+ 54. Kf4 Rd4+ 55. Kg3 Kxe5 56. Nf3+ Ke4 57. Nxd4 cxd4 58. a4 Ba6
59. b4 Bc4 60. Rc2 Kd3 61. Rf2 Kc3 62. Kf4 d3 63. Ke3 Kxb4 64. Rf4 Kc3 65. Rd4
a6 66. Rd6 b5 67. Rxa6 b4 68. Rb6 b3 69. a5 b2 70. a6 d2 71. Rxb2 d1=Q 0-1

[Event "12 Indiv. Ch. Greece-Men U18"]
[Site "?"]
[Date "2009.01.04"]
[Round "4.10"]
[White "Sandalakis, Nikolaos"]
[Black "Dounis, Alexandros"]
[Result "0-1"]
[WhiteElo "1915"]
[BlackElo "2158"]
[PlyCount "78"]
[EventDate "2009.01.02"]

1. e4 d5 2. exd5 Qxd5 3. Nc3 Qd6 4. d4 Nf6 5. Nf3 a6 6. g3 Bg4 7. Bg2 Nc6 8.
O-O O-O-O 9. d5 Ne5 10. Bf4 Bxf3 11. Bxf3 Nxf3+ 12. Qxf3 e5 13. Bg5 h6 14. Bxf6
Qxf6 15. Qe3 Kb8 16. Rfd1 Qg5 17. Qe2 h5 18. Ne4 Qg6 19. b4 h4 20. Nc5 hxg3 21.
fxg3 Rh4 22. c4 Bxc5+ 23. bxc5 Rdh8 24. d6 Rxh2 25. Qxh2 Rxh2 26. Kxh2 Kc8 27.
Rab1 Kd7 28. Rbc1 Qh5+ 29. Kg1 Qf3 30. Kh2 Qf2+ 31. Kh3 Qxc5 32. Rd5 Qa3 33.
dxc7+ Kxc7 34. Rc2 Qf3 35. Rcd2 e4 36. c5 e3 37. Rd6 Kb8 38. Rd8+ Ka7 39. R2d7
f5 0-1

[Event "12 Indiv. Ch. Greece-Men U18"]
[Site "?"]
[Date "2009.01.05"]
[Round "5.1"]
[White "Galopoulos, N."]
[Black "Pavlidis, Antonios"]
[Result "1-0"]
[WhiteElo "2217"]
[BlackElo "2278"]
[PlyCount "65"]
[EventDate "2009.01.02"]

1. d4 Nf6 2. c4 g6 3. Nc3 d5 4. Nf3 Bg7 5. Qb3 dxc4 6. Qxc4 O-O 7. Bf4 Na6 8.
e4 c5 9. d5 e6 10. d6 Nh5 11. Bg5 Qxd6 12. g4 Nb4 13. Nb5 Qc6 14. gxh5 a6 15.
Na3 Bxb2 16. Rb1 Bxa3 17. Rb3 b5 18. Qe2 c4 19. Rxa3 Nd3+ 20. Rxd3 cxd3 21.
Qxd3 Bb7 22. Nd2 Rac8 23. hxg6 hxg6 24. Qg3 e5 25. Qh4 f6 26. Be3 f5 27. Bh6
Rf7 28. Rg1 f4 29. Be2 Rd7 30. Bd1 Kf7 31. Bg5 Rg8 32. Qh7+ Rg7 33. Bb3+ 1-0

[Event "12 Indiv. Ch. Greece-Men U18"]
[Site "?"]
[Date "2009.01.05"]
[Round "5.2"]
[White "Kourousis, Epaminondas"]
[Black "Malikentzos, Sotirios"]
[Result "1-0"]
[WhiteElo "2228"]
[BlackElo "2154"]
[PlyCount "121"]
[EventDate "2009.01.02"]

1. d4 d5 2. c4 c6 3. Nf3 Nf6 4. Nbd2 Bf5 5. Nh4 Bg6 6. Nxg6 hxg6 7. g3 dxc4 8.
Nf3 e6 9. Bg2 Nbd7 10. O-O Bd6 11. Qc2 O-O 12. Qxc4 e5 13. dxe5 Nxe5 14. Nxe5
Bxe5 15. Be3 Nd5 16. Bc5 Bd6 17. Bxd5 cxd5 18. Qxd5 Bxc5 19. Qxc5 Qd2 20. Qb5
a6 21. Qxb7 Qxe2 22. Rfe1 Qd2 23. Rad1 Qc2 24. Rc1 Qd2 25. Red1 Qe2 26. Re1 Qd2
27. Rcd1 Qc2 28. Qb3 Qxb3 29. axb3 Rab8 30. Re3 Rb6 31. Rdd3 Rc8 32. h4 Rf6 33.
Rc3 Rd8 34. Red3 Rxd3 35. Rxd3 Rc6 36. b4 Rc4 37. Rb3 Rc6 38. b5 axb5 39. Rxb5
Rc1+ 40. Kg2 f6 41. Rb8+ Kf7 42. Rb7+ Kg8 43. b4 Rb1 44. b5 Rb3 45. b6 Kh7 46.
Rb8 g5 47. hxg5 fxg5 48. Kf1 Rb2 49. g4 Kg6 50. f3 Kf7 51. Ke1 Ke6 52. Kd1 Kd6
53. Rb7 Rf2 54. Rxg7 Rxf3 55. Rxg5 Rb3 56. Rg7 Ke5 57. b7 Kf6 58. Kc2 Rb5 59.
Rc7 Kg5 60. Kc3 Kxg4 61. Rc4+ 1-0

[Event "12 Indiv. Ch. Greece-Men U18"]
[Site "?"]
[Date "2009.01.05"]
[Round "5.3"]
[White "Homatidis, Panagiotis"]
[Black "Kaforos, Dimitrios-Alkis"]
[Result "1-0"]
[WhiteElo "2133"]
[BlackElo "2182"]
[PlyCount "67"]
[EventDate "2009.01.02"]

1. e4 c5 2. Nf3 d6 3. d4 cxd4 4. Nxd4 Nf6 5. Nc3 g6 6. Be3 Bg7 7. f3 O-O 8. Qd2
Nc6 9. O-O-O d5 10. Qe1 e5 11. Nxc6 bxc6 12. exd5 Nxd5 13. Bc4 Be6 14. Ne4 Qb8
15. Bc5 Re8 16. h4 h6 17. g4 Qc7 18. g5 h5 19. b3 Red8 20. a4 Rd7 21. Ba3 Nf4
22. Bd6 Qb6 23. Bxe6 Nxe6 24. Nf6+ Bxf6 25. gxf6 Rad8 26. Qxe5 Qf2 27. f4 c5
28. Rd2 Qf3 29. Rhd1 Nd4 30. Rd3 Qf2 31. R3d2 Qf3 32. Bxc5 Qc3 33. Kb1 Rd5 34.
Bxd4 1-0

[Event "12 Indiv. Ch. Greece-Men U18"]
[Site "?"]
[Date "2009.01.05"]
[Round "5.4"]
[White "Hristodoulou, Panagiotis"]
[Black "Asimakopoulos, Konstantinos"]
[Result "1/2-1/2"]
[WhiteElo "2110"]
[BlackElo "1870"]
[PlyCount "35"]
[EventDate "2009.01.02"]

1. e4 e5 2. d4 exd4 3. Qxd4 Nc6 4. Qe3 Nf6 5. Nc3 Be7 6. Bc4 O-O 7. Bd2 Ng4 8.
Qe2 Nd4 9. Qd3 c5 10. f4 a6 11. a4 b6 12. Nf3 Nc6 13. Nd5 Bb7 14. O-O Nb4 15.
Bxb4 cxb4 16. Rad1 Bc5+ 17. Nd4 Rc8 18. h3 1/2-1/2

[Event "12 Indiv. Ch. Greece-Men U18"]
[Site "?"]
[Date "2009.01.05"]
[Round "5.5"]
[White "Filippas, Sebastian"]
[Black "Barbagiannis, Panayotis"]
[Result "1-0"]
[WhiteElo "2190"]
[BlackElo "1941"]
[PlyCount "53"]
[EventDate "2009.01.02"]

1. Nf3 Nf6 2. c4 e6 3. Nc3 Bb4 4. g4 Bxc3 5. dxc3 d5 6. g5 Ne4 7. Qc2 Nd7 8. h4
b6 9. cxd5 exd5 10. Nd4 Bb7 11. Bf4 Ndc5 12. Bh3 O-O 13. f3 Nd6 14. O-O-O Qe7
15. h5 Ne6 16. Bxd6 Qxd6 17. Nf5 Qf4+ 18. e3 Qxf3 19. g6 d4 20. Rdf1 d3 21.
Qxd3 Be4 22. Qd2 Rad8 23. Qe1 Qxh5 24. Ne7+ Kh8 25. Bg2 Qd1+ 26. Qxd1 Rxd1+ 27.
Rxd1 1-0

[Event "12 Indiv. Ch. Greece-Men U18"]
[Site "?"]
[Date "2009.01.05"]
[Round "5.6"]
[White "Liaskos, Leonidas"]
[Black "Dounis, Alexandros"]
[Result "1-0"]
[WhiteElo "1997"]
[BlackElo "2158"]
[PlyCount "85"]
[EventDate "2009.01.02"]

1. e4 d5 2. exd5 Qxd5 3. Nc3 Qd6 4. d4 Nf6 5. Bd3 a6 6. Nge2 Nc6 7. Bf4 e5 8.
Bg3 Bg4 9. f3 Be6 10. O-O O-O-O 11. Re1 Nxd4 12. Nxd4 Qxd4+ 13. Kh1 Bd6 14. Ne4
Nxe4 15. Rxe4 Qxb2 16. Ra4 Qc3 17. Rb1 Qc6 18. Ra5 Bc5 19. Qe2 Bb6 20. Rxe5
Bxa2 21. Bf5+ Be6 22. Be4 Qc4 23. Bd3 Qa2 24. Qe1 Bd4 25. Re4 Bc3 26. Qg1 Rd4
27. Bf2 Rxe4 28. Bxe4 Bd5 29. Bf5+ Kb8 30. Bg3 Re8 31. Rd1 Bc6 32. Qb6 Qc4 33.
Qxc7+ Ka7 34. Be4 Rxe4 35. fxe4 Qe2 36. Qb8+ Kb6 37. Qd8+ Kc5 38. Qd6+ Kc4 39.
Bf2 Kb5 40. Rb1+ Ka4 41. Qd3 Qxe4 42. Ra1+ Kb4 43. Qd6+ 1-0

[Event "12 Indiv. Ch. Greece-Men U18"]
[Site "?"]
[Date "2009.01.05"]
[Round "5.7"]
[White "Pambalos, Panayiotis"]
[Black "Balokas, Dimitrios-Konstanti"]
[Result "1-0"]
[WhiteElo "2123"]
[BlackElo "1882"]
[PlyCount "87"]
[EventDate "2009.01.02"]

1. e4 c6 2. c4 e5 3. Nf3 d6 4. d4 Nd7 5. Bd3 Ngf6 6. O-O g6 7. b3 Bg7 8. Ba3
Qc7 9. dxe5 Nxe5 10. Nxe5 dxe5 11. Nc3 Bf8 12. b4 a5 13. Qa4 Be7 14. b5 Bxa3
15. bxc6 bxc6 16. Qxa3 Qe7 17. c5 O-O 18. Rfd1 Nh5 19. Bf1 Nf4 20. Na4 Qg5 21.
Qg3 Qxg3 22. hxg3 Ne6 23. Rab1 Nd4 24. Bc4 Be6 25. Bxe6 Nxe6 26. Rd6 Rfd8 27.
Rxc6 Rd4 28. Nb6 Rb8 29. Rc1 Rd2 30. Rxe6 fxe6 31. c6 Rb2 32. c7 R2xb6 33. Rd1
Rb1 34. Kh2 Rc8 35. Rd8+ Kg7 36. Rxc8 Rc1 37. a4 h5 38. g4 h4 39. g5 Kh7 40. f3
Kg7 41. Kh3 Rh1+ 42. Kg4 Rc1 43. Kxh4 Rc2 44. Kg3 1-0

[Event "12 Indiv. Ch. Greece-Men U18"]
[Site "?"]
[Date "2009.01.05"]
[Round "5.8"]
[White "Athanasiou, Georgios"]
[Black "Kirgeridis, Panagiotis"]
[Result "1-0"]
[WhiteElo "1915"]
[BlackElo "2061"]
[PlyCount "69"]
[EventDate "2009.01.02"]

1. e4 c5 2. Nf3 e6 3. d4 cxd4 4. Nxd4 Nf6 5. Nc3 d6 6. Be2 Be7 7. O-O O-O 8.
Be3 a6 9. f4 Qc7 10. g4 Nc6 11. g5 Nd7 12. h4 Qd8 13. a4 Nxd4 14. Bxd4 b6 15.
f5 Ne5 16. a5 bxa5 17. Na4 Rb8 18. Bxe5 dxe5 19. Qxd8 Rxd8 20. f6 gxf6 21. gxf6
Bf8 22. b3 Bb7 23. Bd3 Rd4 24. Rfe1 Bb4 25. Re3 Rbd8 26. Kf2 Bc6 27. Rg1+ Kh8
28. Nb2 Bb5 29. Rg7 R4d7 30. Reg3 Bc5+ 31. Ke2 Bd4 32. R3g5 Rc8 33. Nc4 Bxc4
34. bxc4 Rxc4 35. Rg8# 1-0

[Event "12 Indiv. Ch. Greece-Men U18"]
[Site "?"]
[Date "2009.01.05"]
[Round "5.9"]
[White "Karaoulanis, Dimitrios"]
[Black "Kostas, Panagiotis"]
[Result "1/2-1/2"]
[WhiteElo "1886"]
[BlackElo "1916"]
[PlyCount "118"]
[EventDate "2009.01.02"]

1. e4 d5 2. exd5 Nf6 3. Nf3 Nxd5 4. d4 g6 5. c4 Nb6 6. h3 Bg7 7. Be3 O-O 8. Nc3
Nc6 9. Be2 e5 10. d5 Ne7 11. O-O Nf5 12. Bc5 Re8 13. Bd3 e4 14. Nxe4 Nxc4 15.
Bxc4 Rxe4 16. Qb3 Nd6 17. Bxd6 Qxd6 18. Rae1 Rxe1 19. Rxe1 b6 20. Re8+ Bf8 21.
Ba6 Bb7 22. Rxf8+ Rxf8 23. Bxb7 Re8 24. Qd3 Qf4 25. Qc2 Re4 26. b3 Re7 27. Qc4
Re4 28. Qd3 Re7 29. g3 Qc1+ 30. Kg2 Qb2 31. Qd4 Qxa2 32. Qf6 Qa3 33. Ne5 Qd6
34. Ng4 h5 35. Nh6+ Kh7 36. Qg5 f6 37. Qd2 Qe5 38. g4 Qg5 39. Qb4 Rg7 40. Qf8
Qxh6 41. Qxf6 g5 42. Qf5+ Qg6 43. Qe5 Rf7 44. Bc8 Qf6 45. Bf5+ Kg7 46. Qe2 Qd4
47. Qe6 Qf6 48. Qe2 a5 49. Qe3 Re7 50. Qd2 Re5 51. Qc2 Qd6 52. Be4 hxg4 53.
hxg4 b5 54. f3 Kf6 55. Qa2 Qb6 56. Qa1 Qe3 57. Qxa5 Qe2+ 58. Kg1 Qe3+ 59. Kg2
Qc5 1/2-1/2

[Event "12 Indiv. Ch. Greece-Men U18"]
[Site "?"]
[Date "2009.01.05"]
[Round "5.10"]
[White "Rigopoulos-Tsigkos, Alexandros"]
[Black "Asimakopoulos, Ioannis"]
[Result "1-0"]
[WhiteElo "2020"]
[BlackElo "1823"]
[PlyCount "79"]
[EventDate "2009.01.02"]

1. e4 e5 2. Nf3 Nc6 3. Bc4 Bc5 4. c3 Nf6 5. d4 exd4 6. cxd4 Bb4+ 7. Nc3 O-O 8.
Bg5 h6 9. Bxf6 Qxf6 10. O-O Bxc3 11. bxc3 d6 12. Nd2 Na5 13. Be2 c5 14. Nb3
Nxb3 15. axb3 Qe7 16. Bd3 Bd7 17. Bc2 a6 18. f4 Rac8 19. dxc5 dxc5 20. Qh5 c4
21. b4 Qe6 22. h3 Qg6 23. Qxg6 fxg6 24. Rad1 Bc6 25. e5 g5 26. f5 Rcd8 27. g3
Rxd1 28. Rxd1 g4 29. hxg4 Kf7 30. Rd4 Bb5 31. Be4 Rb8 32. Kf2 Ke7 33. Ke3 b6
34. Rd6 a5 35. bxa5 bxa5 36. Re6+ Kf8 37. Rd6 Ke7 38. Rg6 Kf8 39. Bd5 a4 40. f6
1-0

[Event "12 Indiv. Ch. Greece-Men U18"]
[Site "?"]
[Date "2009.01.05"]
[Round "6.1"]
[White "Kourousis, Epaminondas"]
[Black "Galopoulos, N."]
[Result "1/2-1/2"]
[WhiteElo "2228"]
[BlackElo "2217"]
[PlyCount "49"]
[EventDate "2009.01.02"]

1. Nf3 d5 2. d4 Bf5 3. c4 e6 4. Nc3 c6 5. Bg5 Be7 6. Bxe7 Qxe7 7. cxd5 exd5 8.
e3 Nf6 9. Bd3 Bxd3 10. Qxd3 Nbd7 11. O-O O-O 12. Rfc1 Ne4 13. Nd2 Nxd2 14. Qxd2
Rfe8 15. Rab1 Nb6 16. b3 Rac8 17. a4 Qd6 18. Ne2 Nd7 19. Rc2 Nf6 20. b4 Ne4 21.
Qe1 Qd7 22. Ng3 Nd6 23. Nf1 Re6 24. Rbc1 Rg6 25. Qe2 1/2-1/2

[Event "12 Indiv. Ch. Greece-Men U18"]
[Site "?"]
[Date "2009.01.05"]
[Round "6.2"]
[White "Pavlidis, Antonios"]
[Black "Homatidis, Panagiotis"]
[Result "1-0"]
[WhiteElo "2278"]
[BlackElo "2133"]
[PlyCount "59"]
[EventDate "2009.01.02"]

1. e4 c5 2. Nf3 d6 3. d4 cxd4 4. Nxd4 Nf6 5. Nc3 a6 6. Bc4 e6 7. Bb3 Be7 8. g4
h6 9. Be3 Nc6 10. h3 Bd7 11. Qe2 b5 12. O-O-O b4 13. Na4 Na5 14. Kb1 Nxb3 15.
cxb3 Qa5 16. h4 Nxe4 17. g5 h5 18. g6 f6 19. Bf4 Nc5 20. Nf5 exf5 21. Nxc5 Qb5
22. Qd2 Qxc5 23. Rhe1 O-O 24. Rxe7 Bc6 25. Be3 Qb5 26. Bh6 Be4+ 27. Ka1 Rac8
28. Rxg7+ Kh8 29. Rh7+ Kg8 30. Bxf8 1-0

[Event "12 Indiv. Ch. Greece-Men U18"]
[Site "?"]
[Date "2009.01.05"]
[Round "6.3"]
[White "Athanasiou, Georgios"]
[Black "Filippas, Sebastian"]
[Result "0-1"]
[WhiteElo "1915"]
[BlackElo "2190"]
[PlyCount "110"]
[EventDate "2009.01.02"]

1. e4 c5 2. Nf3 d6 3. Bb5+ Nc6 4. Bxc6+ bxc6 5. O-O e5 6. c3 f5 7. exf5 Bxf5 8.
Re1 Be7 9. d4 e4 10. dxc5 d5 11. Nd4 Qd7 12. Qa4 Rc8 13. Nxf5 Qxf5 14. Qxa7 Nf6
15. Be3 Ng4 16. Nd2 Bh4 17. g3 O-O 18. Bd4 Bf6 19. Rf1 Bxd4 20. cxd4 Rf6 21. f3
Ne3 22. Rf2 Nc2 23. Nxe4 Nxa1 24. Nxf6+ gxf6 25. Qa6 Re8 26. Qxc6 Re1+ 27. Rf1
Rxf1+ 28. Kxf1 Qxf3+ 29. Kg1 Qe3+ 30. Kg2 Qe4+ 31. Kh3 Nc2 32. Qxf6 Ne3 33.
Qd8+ Kf7 34. Qd7+ Kg6 35. Qd6+ Kf7 36. Qc7+ Kf6 37. Qd8+ Qe7 38. Qh8+ Kf5 39.
g4+ Ke4 40. Qe5+ Qxe5 41. dxe5 Kxe5 42. Kg3 d4 43. Kf3 Kd5 44. b4 Nc2 45. h4
Nxb4 46. h5 h6 47. g5 hxg5 48. h6 Nd3 49. h7 Ne5+ 50. Ke2 Nf7 51. Kd3 Kxc5 52.
a4 g4 53. a5 g3 54. a6 Kb6 55. Kxd4 g2 0-1

[Event "12 Indiv. Ch. Greece-Men U18"]
[Site "?"]
[Date "2009.01.05"]
[Round "6.4"]
[White "Asimakopoulos, Konstantinos"]
[Black "Pambalos, Panayiotis"]
[Result "0-1"]
[WhiteElo "1870"]
[BlackElo "2123"]
[PlyCount "66"]
[EventDate "2009.01.02"]

1. e4 c5 2. Nf3 e6 3. d4 cxd4 4. Nxd4 d6 5. Nc3 Nc6 6. Be3 Nf6 7. Be2 a6 8. Qd2
Be7 9. O-O-O O-O 10. f3 Nxd4 11. Bxd4 Nd7 12. Kb1 b5 13. g4 Bb7 14. Rdg1 b4 15.
Nd1 a5 16. g5 Qc7 17. h4 d5 18. exd5 Bxd5 19. h5 e5 20. g6 exd4 21. h6 fxg6 22.
hxg7 Rf7 23. Qxd4 Qe5 24. Qxe5 Nxe5 25. Ne3 Bxf3 26. Bxf3 Nxf3 27. Rg3 Kxg7 28.
Nd5 Bd6 29. Rgh3 h5 30. Rd1 Re8 31. c4 Re1 32. Rxe1 Nxe1 33. Ne3 Rf3 0-1

[Event "12 Indiv. Ch. Greece-Men U18"]
[Site "?"]
[Date "2009.01.05"]
[Round "6.5"]
[White "Liaskos, Leonidas"]
[Black "Hristodoulou, Panagiotis"]
[Result "0-1"]
[WhiteElo "1997"]
[BlackElo "2110"]
[PlyCount "46"]
[EventDate "2009.01.02"]

1. e4 e6 2. d4 d5 3. Nc3 Nc6 4. Nf3 Nf6 5. Bg5 Be7 6. e5 Ne4 7. Bxe7 Qxe7 8. a3
Bd7 9. Bd3 Ng5 10. Ne2 Nxf3+ 11. gxf3 Qh4 12. f4 g5 13. Bb5 Nxe5 14. fxe5 Bxb5
15. Ng3 c5 16. c3 cxd4 17. Qxd4 Qxd4 18. cxd4 Rc8 19. Rd1 Ke7 20. Kd2 Rc4 21.
Ke3 Rhc8 22. h4 Rc2 23. Rd2 R8c3+ 0-1

[Event "12 Indiv. Ch. Greece-Men U18"]
[Site "?"]
[Date "2009.01.05"]
[Round "6.6"]
[White "Kaforos, Dimitrios-Alkis"]
[Black "Kafetzopoulos, Anastasios"]
[Result "1-0"]
[WhiteElo "2182"]
[BlackElo "1912"]
[PlyCount "67"]
[EventDate "2009.01.02"]

1. e4 c6 2. d4 d5 3. Nc3 dxe4 4. Nxe4 Bf5 5. Ng3 Bg6 6. h4 h6 7. Nf3 Nd7 8. h5
Bh7 9. Bd3 Bxd3 10. Qxd3 e6 11. Bf4 Qa5+ 12. Bd2 Bb4 13. Ne4 Ngf6 14. Nd6+ Ke7
15. Nc4 Bxd2+ 16. Nfxd2 Qc7 17. O-O-O Rhd8 18. Kb1 c5 19. Nf3 Kf8 20. Qe2 cxd4
21. Rxd4 Nb6 22. Nce5 Rxd4 23. Nxd4 Rd8 24. c3 Rd5 25. f4 Nfd7 26. Ng6+ Kg8 27.
Ne7+ Kf8 28. Nxd5 Nxd5 29. g3 a6 30. Re1 b5 31. a4 b4 32. c4 N5f6 33. Qxe6 Qc5
34. Qxa6 1-0